Arvaa piirrettävänä olevat Euroopan valtiot - Statistics

Yleistilastot
  • Tätä visaa on pelattu 5 679 kertaa
  • Keskiarvotulos 6 / 16
Vastaukset kartalla
Vastauksille on annettu kartalla punavihreä väri sen mukaan, kuinka moni on saanut sen oikein.
 
Vastaustilastot
% Oikein
Ruotsi
50%
Islanti
47%
Norja
47%
Espanja
46%
Italia
46%
Ranska
46%
Suomi
46%
Kreikka
45%
Portugali
45%
Saksa
45%
Venäjä
45%
Irlanti
44%
Kroatia
44%
Unkari
44%
Yhdistynyt kuningaskunta
44%
Itävalta
43%
Puola
42%
Albania
41%
Tanska
41%
Tšekki
41%
Bosnia ja Hertsegovina
40%
Slovakia
40%
Ukraina
40%
Serbia
39%
Sveitsi
39%
Kosovo
38%
Latvia
38%
Alankomaat
37%
Liettua
37%
Slovenia
36%
Vatikaanivaltio
36%
Moldova
35%
Viro
35%
Bulgaria
34%
Monaco
34%
Romania
34%
Belgia
33%
Malta
33%
Valko-Venäjä
32%
Pohjois-Makedonia
31%
Luxemburg
28%
Montenegro
27%
Liechtenstein
26%
San Marino
25%
Andorra
24%
Ehtoja vastaavia visoja ei löytynyt
Tulosjakauma
Jokaisen tuloksen saaneiden osuus
Persentiili vastausten määrän mukaan
Tuloshistoriasi
Et ole pelannut tätä visaa